BLACKPINK - Paroles JUMP! - Statistiques

Statistiques générales
  • Ce quiz a été pris 178 fois
    177 depuis la dernière actualisation
  • Le résultat moyen est 178 sur 274
Statistiques - réponses
Hint Réponse % Correct
uh,
100%
woah
100%
(Woo,
100%
woo,
100%
woo)
100%
I
96%
I?
96%
a
92%
(Ah)
92%
You
90%
you
90%
(No)
88%
no
88%
jump
86%
Couplet 1 I'm
85%
I'm
85%
the
84%
not
83%
me
82%
me,
82%
that
82%
that,
82%
that?
82%
That
82%
easy
81%
oh
80%
to
78%
in,
75%
in
75%
my
75%
are
73%
Couplet 2 Are
73%
your
72%
all
70%
All
70%
on
70%
tame
70%
see
69%
sisters
69%
Refrain So
69%
with
69%
Pré-refrain Bet
67%
run
67%
Post-refrain Watch
67%
escape
66%
come
64%
know
64%
up
64%
up,
64%
explain
61%
place
61%
take
61%
mission
60%
of
60%
under
60%
high
59%
get
58%
life
58%
night
58%
didn't
57%
got
57%
Got
57%
it
57%
it,
57%
yeah,
57%
yeah
57%
(Yeah)
57%
ice
56%
should
56%
spice
56%
sweetest
56%
shit
55%
turn
55%
like
54%
runnin'
54%
tears
54%
this
54%
time
54%
we
54%
lights,
53%
Every
52%
now
52%
stay
52%
That's
52%
baby,
50%
Outro BLACKPINK
50%
girls
50%
way
50%
system
49%
and
48%
feeling
48%
Prima
48%
area
47%
donna,
47%
these
47%
already
46%
cage,
46%
I'll
46%
through
46%
kicks
45%
walk
45%
Think
44%
insane,
43%
ain't
42%
Wanna
42%
going
41%
Guess
41%
gas,
40%
out
40%
bass
39%
Breaking
39%
entertained?
39%
bumpin',
36%
back
35%
'em
35%
might
34%
Ate
32%
open
32%
running
32%
Rocked
29%
bouncin'
28%
brakes,
25%
you're
24%
gotta
22%
gunnin'
20%
stuntin'
18%
Aucun quiz correspondant
Distribution des résultats
% des personnes avec chaque résultat
Percentile par nombre de réponses
Votre historique - résultats
Vous n’avez pas pris ce quiz depuis la dernière actualisation